000 01050nam a22003850a 4500
001 PT52973
003 AR-LpoUNG
005 20210131231538.0
008 191001s2012||||sp |||||||||||||||||spa d
020 _a9789873333262
_c$8,76
040 _aAR-LpoUNG
_bspa
_cAR-LpoUNG
_eaacr
041 _aspa
044 _asp
082 0 _a498 54pra
100 1 _aUnamuno, Virginia
_eed.
245 1 0 _aPrácticas y repertorios plurilingües en Argentina
250 _a1ra. ed.
260 _aBarcelona :
_bGREIP - Universitat Autònoma de Barcelona,
_c2012.
300 _a284 p. :
_bfot.
650 4 _aARGENTINA
650 4 _aASPECTOS EDUCATIVOS
650 4 _aCIENCIAS SOCIALES
650 4 _aCOMUNICACION
650 4 _aENSEÑANZA DE IDIOMAS
650 4 _aLECTURA
650 4 _aLENGUA QUECHUA
650 4 _aLENGUAJE
650 4 _aLENGUAS INDIGENAS
650 4 _aLINGUISTICA
650 4 _aMINORIAS LINGUISTICAS
651 4 _aDOCUMENTOS TEORICOS O METODOLOGICOS
700 1 _aMaldonado, Angel
_eed.
905 _a52973
942 _cLIB
999 _c10668
_d10668